A DIETIONARY OF FORENISC (Record no. 22295)
[ view plain ]
| 000 -LEADER | |
|---|---|
| fixed length control field | 00284nam a22001217a 4500 |
| 003 - CONTROL NUMBER IDENTIFIER | |
| control field | SGT |
| 020 ## - INTERNATIONAL STANDARD BOOK NUMBER | |
| International Standard Book Number | 978-0-19-959400-9 |
| 082 ## - DEWEY DECIMAL CLASSIFICATION NUMBER | |
| Classification number | 363.250 |
| Item number | BEL |
| 100 ## - MAIN ENTRY--PERSONAL NAME | |
| Personal name | BELL, SUZANNE |
| 245 ## - TITLE STATEMENT | |
| Title | A DIETIONARY OF FORENISC |
| 260 ## - PUBLICATION, DISTRIBUTION, ETC. (IMPRINT) | |
| Place of publication, distribution, etc | NEW YORK |
| Name of publisher, distributor, etc | OXFORD UNIVERSITY |
| Year of Publication | 2012 |
| 942 ## - ADDED ENTRY ELEMENTS (KOHA) | |
| Source of classification or shelving scheme | Dewey Decimal Classification |
| Koha item type | Books |
| 942 ## - ADDED ENTRY ELEMENTS (KOHA) | |
| -- | 36 |
| Withdrawn status | Lost status | Source of classification or shelving scheme | Damaged status | Not for loan | Collection code | Home library | Current library | Shelving location | Date acquired | Vendor Name | Cost, normal purchase price | SGTU | Bill Number | Total Checkouts | Total Renewals | Full call number | Accession No. (Barcode) | Date last seen | Date last borrowed | Bill Date | Koha item type |
|---|---|---|---|---|---|---|---|---|---|---|---|---|---|---|---|---|---|---|---|---|---|
| Dewey Decimal Classification | SCIENCE | SGT Science & Social Sciences Library | SGT Science & Social Sciences Library | Text Book | 26/02/2022 | ABC | 699.00 | SGTU | 13687 | 38 | 5 | 363.250 BEL | PS6526 | 20/03/2026 | 06/03/2026 | Books | |||||
| Dewey Decimal Classification | SCIENCE | SGT Science & Social Sciences Library | SGT Science & Social Sciences Library | Text Book | 26/02/2022 | ABC | 699.00 | SGTU | 13687 | 363.250 BEL | PS6527 | 26/02/2022 | Books | ||||||||
| Dewey Decimal Classification | SCIENCE | SGT Science & Social Sciences Library | SGT Science & Social Sciences Library | Text Book | 26/02/2022 | ABC | 699.00 | SGTU | 13687 | 21 | 363.250 BEL | PS6528 | 18/03/2026 | 06/03/2026 | Books |